000 00834nam a22002657a 4500
001 BR7575082
003 BR-BrBNA
005 20230928084848.0
007 ta
008 230509b bl.||||| |||| 00| 0 por d
040 _aBR-BrBNA
_bpor
_cBiblioteca Nacional de Agricultura
041 _a(Por)
072 _aE30; F00
_b/G514
090 _ E30 BR7575082
110 1 _aApoio Governamental a Implantacao do Plano Nacional de Sementes, Brasilia, DF (Brasil)
_9128
245 1 _aPlano anual de trabalho 1974 [Apoio Governamental a Implantacao do Plano Nacional de Sementes; Brasil]
260 3 _aBrasilia, DF (Brasil):
_c1974.
300 _a159 p.
500 _aNumerical data
650 _aProjeto de desenvolvimento
650 _aProducao vegetal
650 _aSemente
909 _a202309
_bLucia
_c55
_dLucia Elande
942 _cBK
999 _c21524
_d21524